A holiday in the city : Other stories

Bibliographic Details
Main Author: Sarada Nair
Format: Book
Published: Petaling Jaya : Edu Tech Publisher , 2005
Series:Rainbow contemporary readers
Subjects:

MARC

LEADER 00000cam a2200000 7i4500
001 0000001409
005 20151222.0
008 070719
020 |a 9832746183(set) 
020 |a 9832746213 
090 0 0 |a JF   |b NS ENG (1617) 
100 0 |a Sarada Nair 
245 1 2 |a A holiday in the city :   |b Other stories   |c Sarada Nair 
260 |a Petaling Jaya :   |b Edu Tech Publisher ,   |c 2005 
300 |a Volume 3 
440 |a Rainbow contemporary readers 
500 |a Children ages 7-9 years old (orange) 
650 0 |a Rhymes   |x Fiction 
999 |a 0000914027   |b Book   |c Teenagers   |e Cawangan Bandar Tenggara 
999 |a 0000964776   |b Book   |c Children Collection   |e Cawangan Tmn. Ungku Tun Aminah 
999 |a 0000964777   |b Book   |c Children Collection   |e Cawangan Bandar Penawar 
999 |a 0000964780   |b Book   |c Teenagers   |e Cawangan Bandar Tenggara 
999 |a 0000966420   |b Book   |c Children Collection   |e Perbadanan Perpustakaan Awam Johor 
999 |a 0000966421   |b Book   |c Children Collection   |e Cawangan Sri Merlong 
999 |a 0000966422   |b Book   |c Children Collection   |e Cawangan Segamat 
999 |a 0000966423   |b Book   |c Children Collection   |e Perbadanan Perpustakaan Awam Johor 
999 |a 0001044361   |b Book   |c Children Collection   |e Cawangan Pontian 
999 |a 0001049791   |b Book   |c Children Collection   |e Cawangan Taman Universiti